PRINCIPLES OF BANKING MANAGMENT (Record no. 9206)

MARC details
000 -LEADER
fixed length control field 00567nam a22001577a 4500
003 - CONTROL NUMBER IDENTIFIER
control field SGT
020 ## - INTERNATIONAL STANDARD BOOK NUMBER
International Standard Book Number 978817446277
082 ## - DEWEY DECIMAL CLASSIFICATION NUMBER
Classification number 332.10681,GUL
100 ## - MAIN ENTRY--PERSONAL NAME
Personal name GULATI,NEELAM.C.
245 ## - TITLE STATEMENT
Title PRINCIPLES OF BANKING MANAGMENT
260 ## - PUBLICATION, DISTRIBUTION, ETC. (IMPRINT)
Place of publication, distribution, etc NEW DELHI
Name of publisher, distributor, etc EB
Year of Publication 2010
300 ## - PAGE DESCRIPTION
No. of Pages 404
650 ## - SUBJECT ADDED ENTRY--TOPICAL TERM
Topical term or geographic name as entry element FINANCIAL ECONOMICS
653 ## - KEYWORDS--INDEX TERM
Keyword term INTRODUCTION TO BANKING,STRUCTURE OF INDIAN BANKING SYSTEM,THE RESERVE BANK OF INDIA,ELECTRONIC BANKING,BANK LOANS,EXPORT CREDIT,PROJECT AND WORKING CAPITAL FINANCE,BANKING LEGISLATION,BANKING PRODUCT,DEVELOPMENT BANKING
942 ## - ADDED ENTRY ELEMENTS (KOHA)
Source of classification or shelving scheme Dewey Decimal Classification
Koha item type FCM Books
942 ## - ADDED ENTRY ELEMENTS (KOHA)
-- 1
Holdings
Withdrawn status Lost status Source of classification or shelving scheme Damaged status Not for loan Collection code Home library Current library Shelving location Date acquired Vendor Name Cost, normal purchase price SGTU Total Checkouts Full call number Accession No. (Barcode) Date last seen Date last borrowed Bill Date Koha item type
    Dewey Decimal Classification     COMMERCE MANAGEMENT SGT Science & Social Sciences Library SGT Science & Social Sciences Library Text Book 23/06/2016 DONATE BY Dr.D.SINGH 295.00 SGTU 2 332.10681,GUL CM340 06/11/2024 22/10/2024 23/06/2016 FCM Books